Statistics for ④中部地方編 定期特急停車駅

Click here to take the quiz!

General Stats

  • This quiz has been taken 48 times
    (27 since last reset)
  • The average score is 105 of 133

Answer Stats

AnswerHint% Correct
新井えちごトキめき鉄道の駅 〇
96%
南小谷
96%
飯田
96%
名古屋〇 | 〇(名古屋からの列車が停車)
96%
金山一部停車
96%
敦賀
96%
松本
96%
大月〇 | あずさ:▲ かいじ:〇
96%
静岡
96%
富士
96%
篠ノ井
96%
長野
96%
岐阜〇(名古屋からと大阪からの合流点)
96%
甲府〇 | あずさ:〇 かいじ:〇
96%
新潟
96%
熱海
96%
豊橋
96%
沼津
92%
岡谷一部停車
92%
浜松高松・出雲市方面のみ停車
92%
塩尻〇 | 一部停車
92%
下諏訪一部停車
92%
小淵沢一部停車
92%
身延
92%
金沢
92%
茅野
92%
多治見
92%
中津川
92%
南木曽一部停車
92%
木曽福島
92%
尾張一宮一部停車(名古屋からの列車が停車)
92%
新津
92%
新発田
92%
御殿場
92%
上諏訪
92%
河口湖
88%
富山
88%
伊東
88%
村上
88%
修善寺〇(伊豆箱根鉄道)
88%
富士宮
88%
恵那一部停車
88%
美濃太田
88%
下呂
88%
高山
88%
富士山
88%
三島
88%
山梨市あずさ:▲ かいじ:〇
88%
長岡
88%
七尾
88%
和倉温泉
88%
塩山あずさ:▲ かいじ:〇
88%
韮崎一部停車
88%
上越妙高えちごトキめき鉄道の駅 〇
88%
猪谷
85%
伊豆急下田〇(伊豆急行線)
85%
清水
85%
柏崎
85%
竜王あずさ:✕ かいじ:〇
85%
直江津
85%
豊川
85%
富士見一部停車
85%
千種
81%
羽咋
81%
豊栄
81%
飛騨古川
81%
大垣〇(大阪からの列車が停車)
81%
新城
81%
高田えちごトキめき鉄道の駅 〇
81%
天竜峡
81%
信濃大町
81%
白馬
81%
東三条
81%
聖高原一部停車
81%
中部天竜
77%
津幡一部停車
77%
富士急ハイランド
77%
石和温泉あずさ:▲ かいじ:〇
77%
見附
73%
三島田町〇(伊豆箱根鉄道)
73%
河津〇(伊豆急行線)
73%
駿河小山一部停車
73%
都留文科大学前
73%
明科一部停車
69%
伊豆稲取〇(伊豆急行線)
69%
春日山えちごトキめき鉄道の駅 一部停車
69%
坂町
69%
伊豆高原〇(伊豆急行線)
69%
柿崎
65%
鵜沼一部停車
65%
本長篠
65%
速星一部停車
62%
水窪
62%
越中八尾
62%
下吉田
62%
南甲府
62%
穂高
62%
豊科
62%
鰍沢口
62%
伊豆長岡〇(伊豆箱根鉄道)
62%
高松一部停車
58%
加茂
58%
上松一部停車
58%
伊豆熱川〇(伊豆急行線)
54%
大場〇(伊豆箱根鉄道)
54%
大仁〇(伊豆箱根鉄道)
54%
中条
50%
白川口一部停車
50%
飛騨小坂一部停車
50%
市川大門
50%
平岡
50%
下部温泉
46%
飛騨萩原一部停車
46%
湯谷温泉
46%
温田
42%
良川一部停車
38%
飛騨金山一部停車
38%
久々野一部停車
38%
甲斐岩間
38%
東花輪
38%
府屋
38%
内船
31%

Score Distribution

Percentile by Number Answered

Percent of People with Each Score

Your Score History

You have not taken this quiz since the last reset